The complete guide to electronic games

Wedi'i Gadw mewn:
Manylion Llyfryddiaeth
Prif Awdur: Blumenthal, Howard J.
Fformat: Llyfr
Iaith:Undetermined
Cyhoeddwyd: London Sphere Books Limited 1981
Pynciau:
Tagiau: Ychwanegu Tag
Dim Tagiau, Byddwch y cyntaf i dagio'r cofnod hwn!
Thư viện lưu trữ: Trung tâm Học liệu Trường Đại học Cần Thơ
LEADER 00503nam a2200181Ia 4500
001 CTU_82692
008 210402s9999 xx 000 0 und d
082 |a 794.19 
082 |b B658 
100 |a Blumenthal, Howard J. 
245 4 |a The complete guide to electronic games 
245 0 |c Howard J. Blumenthal 
260 |a London 
260 |b Sphere Books Limited 
260 |c 1981 
650 |a Electronic games 
904 |i QHieu(sửa) 
980 |a Trung tâm Học liệu Trường Đại học Cần Thơ